| 000 | 00929nas a2200277 i 4500 | ||
|---|---|---|---|
| 001 | 2425 | ||
| 003 | ES-MaACL | ||
| 005 | 20250217134628.0 | ||
| 007 | t| | ||
| 008 | 950801d19091920sp | | 1 ||pa d | ||
| 022 | _a1130-619X | ||
| 080 | _a314.144(460) | ||
| 080 | _a314.9(460) | ||
| 245 | 0 | 0 |
_aBoletín mensual de estadística demográfico-sanitaria / _cInspección General de Sanidad Exterior. |
| 260 |
_aMadrid : _bMinisterio de Gobernación, _c1909-1920. |
||
| 300 |
_a4 v. ; _c26 cm. |
||
| 310 | _aMensual | ||
| 362 | 0 | _aAño 1, n. 1 (oct. 1909)-1920. | |
| 650 | 1 | 4 |
_aHigiene. Sanidad. _913357 |
| 650 | 0 | 4 |
_aSalud- _zEspaña- _vEstadísticas. _916971 |
| 651 | 4 |
_aEspaña- _xPoblación- _vEstadísticas. _98393 |
|
| 710 | 1 |
_aEspaña. _bInspección General de Sanidad Exterior. _9166425 |
|
| 852 |
_aES-MaACL _jC-13343-46 |
||
| 866 | 0 | _o1910-11,(1915f.abril-jun.y oct.)(1916f.marzo y nov.). | |
| 999 |
_c2425 _d2425 |
||